[Event "Stockholm Spangbergs Memorial"]
[Site "Stockholm"]
[Date "2024.02.18"]
[Round "5"]
[White "Mariano, Christine Rose"]
[Black "Eriksson, Jorgen"]
[Result "1/2-1/2"]
[WhiteElo "1900"]
[BlackElo "2154"]
[PlyCount "116"]
[EventDate "2024.02.17"]
[EventType "swiss"]
[EventRounds "7"]
[EventCountry "SWE"]
[SourceTitle "CB08_2024"]
[SourceDate "2024.02.21"]
[SourceVersion "1"]
[SourceVersionDate "2024.02.21"]
[SourceQuality "1"]

1. e4 c5 2. Ne2 Nc6 3. d3 e6 4. Nbc3 Nf6 5. g3 d5 6. exd5 Nxd5 7. Bg2 Nxc3 8. Bxc6+ bxc6 9. Nxc3 c4 10. dxc4 Qxd1+ 11. Nxd1 e5 12. 0-0 Be6 13. Re1 Bd6 14. c5 Bxc5 15. Rxe5 Bd6 16. Re1 0-0-0 17. Be3 Kb7 18. a3 h5 19. Nc3 Be7 20. Rad1 Bf6 21. Ne4 Bd5 22. Nxf6 gxf6 23. Bd4 Rhe8 24. Bxf6 Rxe1+ 25. Rxe1 Rd7 26. Re7 Rxe7 27. Bxe7 Be4 28. c3 Kc7 29. Bc5 a6 30. f4 Kd7 31. Kf2 Ke6 32. Ke3 f5 33. Kd4 Bd5 34. c4 Bf3 35. b4 Be2 36. a4 Bf1 37. a5 Be2 38. Ba7 Kd6 39. Bb8+ Ke6 40. Kc5 Kd7 41. Be5 Bf1 42. Kd4 Be2 43. Bg7 Ke6 44. Bf8 Bf1 45. Bc5 Be2 46. Bf8 Bf1 47. b5 cxb5 48. c5 Bg2 49. Bd6 Bc6 50. Be5 Kd7 51. h3 Bg2 52. g4 fxg4 53. hxg4 hxg4 54. f5 Kc6 55. f6 Bd5 56. Bf4 b4 57. Bd2 g3 58. Be3 Bf7 1/2-1/2

[Event "Stockholm Spangbergs Memorial"]
[Site "Stockholm"]
[Date "2024.02.17"]
[Round "3"]
[White "Blomqvist, Erik"]
[Black "Eriksson, Jorgen"]
[Result "1-0"]
[WhiteElo "2520"]
[BlackElo "2154"]
[PlyCount "95"]
[EventDate "2024.02.17"]
[EventType "swiss"]
[EventRounds "7"]
[EventCountry "SWE"]
[SourceTitle "CB08_2024"]
[SourceDate "2024.02.21"]
[SourceVersion "1"]
[SourceVersionDate "2024.02.21"]
[SourceQuality "1"]

1. e4 c5 2. Nf3 Nc6 3. Bb5 g6 4. 0-0 Bg7 5. c3 e5 6. d3 Nge7 7. Be3 d6 8. d4 cxd4 9. cxd4 0-0 10. d5 Nb8 11. Nc3 h6 12. Nd2 f5 13. f3 Nd7 14. Be2 Nf6 15. a4 g5 16. Nc4 f4 17. Bf2 Ne8 18. a5 Bd7 19. Qb3 Qb8 20. Qb4 h5 21. h3 Ng6 22. Ra3 g4 23. fxg4 hxg4 24. hxg4 Bf6 25. Rb3 Bh4 26. Bxh4 Nxh4 27. Kf2 Rf7 28. Bf3 Rg7 29. Rh1 Ng6 30. g5 Qd8 31. Rh5 Rh7 32. Rxh7 Kxh7 33. Qxb7 Rc8 34. Qb4 Qxg5 35. Nxd6 Nxd6 36. Qxd6 Qh4+ 37. Ke2 Bg4 38. Kd2 Qf2+ 39. Ne2 Bxf3 40. Rxf3 Rc2+ 41. Kxc2 Qxe2+ 42. Kb3 Qxg2 43. Qd7+ Kg8 44. Rc3 Qxe4 45. Rc8+ Nf8 46. Qe6+ Kg7 47. Rc7+ Kh8 48. Qf6+ 1-0

[Event "SWE-ch Blitz"]
[Site "Stockholm"]
[Date "2023.01.01"]
[Round "7"]
[White "Eriksson, Jorgen"]
[Black "Willow, Jonah B"]
[Result "0-1"]
[WhiteElo "2152"]
[BlackElo "2431"]
[PlyCount "128"]
[EventDate "2023.01.01"]
[EventType "swiss (blitz)"]
[EventRounds "13"]
[EventCountry "SWE"]
[SourceTitle "CBM 211 Extra"]
[Source "ChessBase"]
[SourceDate "2023.01.31"]
[SourceVersion "1"]
[SourceVersionDate "2023.01.31"]
[SourceQuality "1"]

1. d4 Nf6 2. Bg5 e6 3. Nd2 h6 4. Bh4 c5 5. e3 b6 6. Ngf3 Bb7 7. Bd3 Be7 8. c3 0-0 9. 0-0 cxd4 10. cxd4 Nc6 11. a3 Rc8 12. Rc1 d6 13. Bg3 Nh5 14. Qe2 Rc7 15. Ba6 Qc8 16. Bxb7 Qxb7 17. Rc3 Rfc8 18. Rfc1 Nxg3 19. hxg3 b5 20. R3c2 a6 21. e4 Bf6 22. Qd3 Na5 23. b3 d5 24. Rxc7 Rxc7 25. Rxc7 Qxc7 26. exd5 exd5 27. Kh2 Be7 28. a4 bxa4 29. bxa4 Nc4 30. Nxc4 Qxc4 31. Qd1 Bf6 32. g4 a5 33. g3 Qc3 34. Kg2 g6 35. Kg1 Kg7 36. Kg2 Qb2 37. Kg1 Qc3 38. Kg2 Qc8 39. Ne5 Qe6 40. Qe2 Be7 41. Qe1 Bb4 42. Qd1 Bd6 43. f3 Bxe5 44. dxe5 Qxe5 45. Qd2 d4 46. Kf2 Qc5 47. Qd3 Qb4 48. f4 Qxa4 49. Qe4 Qa2+ 50. Kg1 Qa1+ 51. Kg2 Qb2+ 52. Kh3 a4 53. Qe5+ Kh7 54. Qf6 Kg8 55. Qd8+ Kg7 56. f5 gxf5 57. gxf5 a3 58. Qd5 d3 59. Qxd3 a2 60. Qf3 a1Q 61. Qg4+ Kf8 62. f6 Qxf6 63. Qc8+ Kg7 64. Qg4+ Qg6 0-1

[Event "Helsingor Xtracon op"]
[Site "Helsingor"]
[Date "2019.07.26"]
[Round "8"]
[White "Eriksson, Jorgen"]
[Black "Holinka, Henning"]
[Result "0-1"]
[WhiteElo "2211"]
[BlackElo "2021"]
[PlyCount "74"]
[EventDate "2019.07.20"]
[EventType "swiss"]
[EventRounds "10"]
[EventCountry "DEN"]
[SourceTitle "CBM 191 Extra"]
[Source "ChessBase"]
[SourceDate "2019.09.30"]
[SourceVersion "1"]
[SourceVersionDate "2019.09.30"]
[SourceQuality "1"]

1. b3 e5 2. Bb2 Nc6 3. c4 Nf6 4. e3 d5 5. cxd5 Nxd5 6. a3 a6 7. Qc2 Be6 8. Nf3 Bd6 9. d3 0-0 10. Nbd2 f5 11. Be2 Qf6 12. 0-0 Rae8 13. Nc4 g5 14. d4 e4 15. Nfe5 Nce7 16. f3 exf3 17. Rxf3 b5 18. Nd2 g4 19. Nxg4 Qg5 20. h4 Qxg4 21. e4 Nf4 22. Bf1 Neg6 23. Qc3 fxe4 24. Nxe4 Bd5 25. Rg3 Qxh4 26. Nxd6 cxd6 27. Re1 Rc8 28. Qe3 Rfe8 29. Qxe8+ Rxe8 30. Rxe8+ Kf7 31. Ree3 Ne7 32. Bd3 Nxd3 33. Rxd3 Nf5 34. Rh3 Qe1+ 35. Kh2 Qf2 36. Rhf3 Bxf3 37. Rxf3 Qxb2 0-1

[Event "Helsingor Xtracon op"]
[Site "Helsingor"]
[Date "2019.07.22"]
[Round "4"]
[White "Eriksson, Jorgen"]
[Black "Glibstrup, Jakob"]
[Result "1-0"]
[WhiteElo "2211"]
[BlackElo "1993"]
[PlyCount "63"]
[EventDate "2019.07.20"]
[EventType "swiss"]
[EventRounds "10"]
[EventCountry "DEN"]
[SourceTitle "CBM 191 Extra"]
[Source "ChessBase"]
[SourceDate "2019.09.30"]
[SourceVersion "1"]
[SourceVersionDate "2019.09.30"]
[SourceQuality "1"]

1. Nf3 Nf6 2. c4 g6 3. g3 Bg7 4. Bg2 0-0 5. d4 d6 6. Nc3 Nc6 7. d5 Na5 8. Nd2 c5 9. 0-0 a6 10. Rb1 e6 11. e4 exd5 12. cxd5 b5 13. b3 Bd7 14. Qc2 Rc8 15. Bb2 Re8 16. h3 Qb6 17. Kh2 Rc7 18. Ba1 Rec8 19. f4 Ne8 20. Rfe1 c4 21. b4 Nb3 22. axb3 cxb3 23. Rxb3 a5 24. e5 axb4 25. Rxb4 Qa5 26. Qb3 Ra7 27. Bb2 Qb6 28. Re2 h5 29. Nxb5 Rb8 30. Bd4 Qxb5 31. Rxb5 Rxb5 32. Bxa7 1-0

[Event "Rilton Cup 47th"]
[Site "Stockholm"]
[Date "2018.01.04"]
[Round "8"]
[White "Eriksson, Jorgen"]
[Black "Jarvenpaa, Jari"]
[Result "1-0"]
[WhiteElo "2209"]
[BlackElo "2293"]
[PlyCount "139"]
[EventDate "2017.12.27"]
[EventType "swiss"]
[EventRounds "9"]
[EventCountry "SWE"]
[SourceTitle "CBM 182 Extra"]
[Source "ChessBase"]
[SourceDate "2018.02.23"]
[SourceVersion "1"]
[SourceVersionDate "2018.02.23"]
[SourceQuality "1"]

1. Nf3 c5 2. g3 Nc6 3. Bg2 g6 4. 0-0 Bg7 5. d3 d6 6. Nc3 e5 7. Nd5 Nce7 8. c4 Nxd5 9. cxd5 Ne7 10. Nd2 h5 11. Qa4+ Bd7 12. Qb3 Qc7 13. Ne4 0-0 14. a4 Nf5 15. Qd1 a6 16. a5 Nd4 17. e3 Nb5 18. Bd2 Qd8 19. h4 Bg4 20. Qc2 Rc8 21. Ra4 Qe7 22. Rc4 Bd7 23. Qb3 Bh6 24. Bc1 Qd8 25. Qa2 f5 26. Nd2 Kh7 27. Nf3 Nc7 28. Rc3 Qe7 29. Bd2 Kg7 30. Rb1 Nxd5 31. Rcc1 Nf6 32. b4 Bb5 33. bxc5 dxc5 34. Ng5 Bxg5 35. hxg5 Ne8 36. d4 f4 37. dxe5 fxg3 38. f4 h4 39. Bh3 Rc6 40. Bc3 Kh7 41. Rd1 Nd6 42. Qd2 Ne4 43. Qd7 Rc7 44. Qxe7+ Rxe7 45. Be1 Bc6 46. Rbc1 Rxe5 47. fxe5 Nxg5 48. Bg2 Bxg2 49. Kxg2 Rf3 50. Rd7+ Kh6 51. Bxg3 Rxg3+ 52. Kf2 Rh3 53. Ke2 Rh2+ 54. Kd3 h3 55. Rd8 Nf7 56. e6 Ne5+ 57. Ke4 Nc6 58. Rd7 Rg2 59. e7 Rg4+ 60. Kf3 Ne5+ 61. Kf2 Rg2+ 62. Kf1 Ng4 63. e8Q Nh2+ 64. Ke1 Rg1+ 65. Ke2 Rxc1 66. Qh8+ Kg5 67. Qxh3 Rc2+ 68. Kd3 Rb2 69. Qg3+ Kf6 70. Qf4+ 1-0

[Event "Rilton Cup 47th"]
[Site "Stockholm"]
[Date "2018.01.01"]
[Round "5"]
[White "Kenneskog, Theodor"]
[Black "Eriksson, Jorgen"]
[Result "1-0"]
[WhiteElo "2303"]
[BlackElo "2209"]
[PlyCount "121"]
[EventDate "2017.12.27"]
[EventType "swiss"]
[EventRounds "9"]
[EventCountry "SWE"]
[SourceTitle "CBM 182 Extra"]
[Source "ChessBase"]
[SourceDate "2018.02.23"]
[SourceVersion "1"]
[SourceVersionDate "2018.02.23"]
[SourceQuality "1"]

1. d4 e6 2. e4 d5 3. Nd2 Be7 4. Bd3 c5 5. dxc5 Nf6 6. Ngf3 0-0 7. 0-0 a5 8. a3 Nc6 9. Qe2 Bxc5 10. h4 e5 11. exd5 Qxd5 12. c4 Qd6 13. Ne4 Nxe4 14. Bxe4 Nd4 15. Nxd4 Bxd4 16. Be3 Bxe3 17. Qxe3 Qe7 18. g3 Be6 19. Rfd1 Bxc4 20. Bxh7+ Kxh7 21. Qe4+ Kg8 22. Qxc4 Rfc8 23. Qa4 Qe6 24. Qb5 e4 25. Qxb7 Rab8 26. Qd5 Qxd5 27. Rxd5 Rxb2 28. Re1 Rcc2 29. Rf5 g6 30. Rf4 Rc3 31. Rexe4 f5 32. Re7 Rbb3 33. h5 Rf3 34. Rxf3 Rxf3 35. hxg6 Rxa3 36. Kg2 Rb3 37. Ra7 f4 38. g4 Rb4 39. Rxa5 Kg7 40. Kf3 Kxg6 41. Rf5 Ra4 42. Re5 Ra2 43. Rf5 Ra4 44. Kg2 Rb4 45. f3 Ra4 46. Kh3 Rb4 47. Kh4 Ra4 48. Rg5+ Kh7 49. Rh5+ Kg6 50. g5 Ra1 51. Rh6+ Kf5 52. Rf6+ Ke5 53. Rf8 Rh1+ 54. Kg4 Rg1+ 55. Kh5 Rg3 56. Kg6 Rxf3 57. Re8+ Kd4 58. Kf5 Rf1 59. Re4+ Kd5 60. g6 Rg1 61. Rxf4 1-0

[Event "SWE Cup"]
[Site "Linkoping"]
[Date "2016.09.10"]
[Round "4.2"]
[White "Berglind, Axel"]
[Black "Eriksson, Jorgen"]
[Result "0-1"]
[WhiteElo "1946"]
[BlackElo "2228"]
[PlyCount "158"]
[EventDate "2016.09.09"]
[EventType "team-k.o."]
[EventRounds "7"]
[EventCountry "SWE"]
[SourceTitle "CBM 174 Extra"]
[Source "ChessBase"]
[SourceDate "2016.10.10"]
[SourceVersion "1"]
[SourceVersionDate "2016.10.10"]
[SourceQuality "1"]
[WhiteTeam "Stockholm Rockaden"]
[BlackTeam "Umea Rockaden"]
[WhiteTeamCountry "SWE"]
[BlackTeamCountry "SWE"]

1. c4 e6 2. Nf3 Nf6 3. g3 d5 4. Bg2 Be7 5. 0-0 0-0 6. d4 c6 7. Nbd2 b6 8. Qc2 Bb7 9. e4 c5 10. cxd5 exd5 11. e5 Nfd7 12. Nb3 Nc6 13. Be3 Rc8 14. Qf5 cxd4 15. Nbxd4 Nxd4 16. Bxd4 Nc5 17. Rfd1 Ne6 18. Bc3 Rc7 19. Nd4 Qd7 20. Bh3 Bc8 21. Qd3 Qa4 22. Qb5 Qc4 23. Bf1 Nxd4 24. Bxc4 Nxb5 25. Bxb5 Be6 26. f4 g6 27. Ba6 Rd8 28. Bd4 Bc5 29. a4 Bg4 30. Rd2 Bxd4+ 31. Rxd4 Rc2 32. Ra3 Rxb2 33. Bb7 Be6 34. Rad3 Ra2 35. Bxd5 Rxd5 36. Rxd5 Bxd5 37. Rxd5 Rxa4 38. Rd8+ Kg7 39. Rd7 Kf8 40. Rb7 Ra2 41. h3 h5 42. Kh1 Ke8 43. Kg1 Ra4 44. Kg2 h4 45. gxh4 Rxf4 46. Rxa7 Rxh4 47. Rb7 Re4 48. Rxb6 Rxe5 49. Kf3 Ke7 50. Kf4 Re6 51. Rb4 Kf6 52. h4 Ra6 53. Rc4 Ra1 54. Rc6+ Kg7 55. Rc7 Rg1 56. Ra7 Kh6 57. Ra4 Kh5 58. Kf3 f5 59. Rb4 Ra1 60. Kg3 Ra3+ 61. Kg2 Re3 62. Rb6 Re4 63. Kg3 Rg4+ 64. Kf3 Rxh4 65. Rb8 Ra4 66. Rb5 Kg5 67. Rb3 Ra6 68. Kg3 Kf6 69. Kf3 g5 70. Kg3 Kg6 71. Kf3 g4+ 72. Kf4 Ra4+ 73. Kg3 Kg5 74. Rb8 f4+ 75. Kg2 Ra2+ 76. Kg1 Kh4 77. Rb3 f3 78. Kh1 Kh3 79. Rb1 Rh2+ 0-1

[Event "SWE-chT 1516 Superettan"]
[Site "Sweden"]
[Date "2016.03.20"]
[Round "9"]
[White "Mohammadi, Amir"]
[Black "Eriksson, Jorgen"]
[Result "1-0"]
[WhiteElo "2279"]
[BlackElo "2196"]
[PlyCount "77"]
[EventDate "2015.11.06"]
[EventType "team-tourn"]
[EventRounds "9"]
[EventCountry "SWE"]
[SourceTitle "EXT 2018"]
[Source "ChessBase"]
[SourceDate "2017.10.13"]
[SourceVersion "1"]
[SourceVersionDate "2017.10.13"]
[SourceQuality "1"]
[WhiteTeam "Kamraterna"]
[BlackTeam "Umea Rockaden"]
[WhiteTeamCountry "SWE"]
[BlackTeamCountry "SWE"]

1. e4 c5 2. Nc3 g6 3. g3 Nc6 4. Bg2 Bg7 5. d3 e6 6. Be3 Nd4 7. Qd2 Ne7 8. Nd1 d6 9. c3 Ndc6 10. Bh6 Bxh6 11. Qxh6 Ng8 12. Qd2 Nge7 13. h4 h5 14. Ne3 d5 15. Nh3 dxe4 16. Bxe4 e5 17. Ng5 f6 18. Bxc6+ Nxc6 19. Ne4 b6 20. Nc4 Be6 21. 0-0-0 Kd7 22. f4 Kc7 23. Qe3 Qe7 24. fxe5 fxe5 25. Ng5 Bd5 26. Rhe1 Rae8 27. Re2 Rhf8 28. Rde1 Rf5 29. Qd2 Bg8 30. Qc2 Kb7 31. Ne4 Bxc4 32. dxc4 Rd8 33. Rd2 Rxd2 34. Qxd2 Kc7 35. Rd1 Rf8 36. Qh6 Qf7 37. Ng5 Qg8 38. Qxf8 Qxf8 39. Ne6+ 1-0

[Event "SWE-chT 1516 Superettan"]
[Site "Sweden"]
[Date "2016.03.19"]
[Round "8"]
[White "Lauritzson, Peter"]
[Black "Eriksson, Jorgen"]
[Result "1-0"]
[WhiteElo "2115"]
[BlackElo "2196"]
[PlyCount "89"]
[EventDate "2015.11.06"]
[EventType "team-tourn"]
[EventRounds "9"]
[EventCountry "SWE"]
[SourceTitle "EXT 2018"]
[Source "ChessBase"]
[SourceDate "2017.10.13"]
[SourceVersion "1"]
[SourceVersionDate "2017.10.13"]
[SourceQuality "1"]
[WhiteTeam "Orgryte"]
[BlackTeam "Umea Rockaden"]
[WhiteTeamCountry "SWE"]
[BlackTeamCountry "SWE"]

1. Nf3 d5 2. c4 e6 3. g3 Nf6 4. Bg2 Be7 5. 0-0 0-0 6. b3 b6 7. Bb2 Bb7 8. cxd5 Nxd5 9. d4 Nf6 10. Nc3 Nbd7 11. Qc2 c5 12. Rad1 Qc8 13. Qb1 Rd8 14. e4 cxd4 15. Nxd4 Ne5 16. h3 Nc6 17. Nce2 Nxd4 18. Nxd4 Rd7 19. Rc1 Qf8 20. Nc6 Ba3 21. b4 Bxb2 22. Qxb2 Bxc6 23. Rxc6 Rad8 24. e5 Nd5 25. a3 Ne7 26. Rc2 Nf5 27. Kh2 g6 28. Rfc1 Qe7 29. a4 h5 30. a5 Nd4 31. Rc4 bxa5 32. bxa5 h4 33. Rc8 Kg7 34. Qb8 hxg3+ 35. fxg3 Qg5 36. Rf1 Rxc8 37. Qxc8 Qd8 38. Qxd8 Rxd8 39. Rb1 Rd7 40. a6 Kf8 41. h4 Ke7 42. g4 f6 43. Rb7 f5 44. h5 gxh5 45. gxh5 1-0

[Event "SWE-chT 1516 Superettan"]
[Site "Sweden"]
[Date "2016.01.16"]
[Round "4"]
[White "Eriksson, Jorgen"]
[Black "Backman, Andreas"]
[Result "1/2-1/2"]
[WhiteElo "2196"]
[BlackElo "2162"]
[PlyCount "86"]
[EventDate "2015.11.06"]
[EventType "team-tourn"]
[EventRounds "9"]
[EventCountry "SWE"]
[SourceTitle "EXT 2018"]
[Source "ChessBase"]
[SourceDate "2017.10.13"]
[SourceVersion "1"]
[SourceVersionDate "2017.10.13"]
[SourceQuality "1"]
[WhiteTeam "Umea Rockaden"]
[BlackTeam "Vasteras II"]
[WhiteTeamCountry "SWE"]
[BlackTeamCountry "SWE"]

1. d4 e6 2. Nf3 d5 3. c4 c6 4. Qc2 Nf6 5. g3 Be7 6. Bg2 0-0 7. 0-0 b6 8. b3 Bb7 9. Bb2 Nbd7 10. Nbd2 Rc8 11. Rac1 c5 12. Qb1 cxd4 13. Nxd4 Bb4 14. Rfd1 Qe7 15. Qa1 Nc5 16. Nc2 Bxd2 17. Bxf6 gxf6 18. Rxd2 dxc4 19. bxc4 Bxg2 20. Kxg2 Rfd8 21. Rcd1 Rxd2 22. Rxd2 Rd8 23. Rxd8+ Qxd8 24. Qd4 Qxd4 25. Nxd4 Ne4 26. Nb3 Nc3 27. Nc1 Kf8 28. Kf3 Ke7 29. Kg4 f5+ 30. Kh5 Kf8 31. Kh6 Kg8 32. f3 a5 33. Kg5 Kg7 34. Kf4 Kf6 35. Ke3 Ke5 36. Kd3 Na4 37. Nb3 Nb2+ 38. Kc3 Na4+ 39. Kd3 f4 40. g4 Nb2+ 41. Kc3 Nd1+ 42. Kd2 Ne3 43. Kd3 Kd6 1/2-1/2